export_success — 

Global Indianbiz : trade directory 2006-2007.

Bibliographic Details
Format: Book
Published: Shah Alam: Apex infomedia, 2006.
Subjects:
LEADER 00712cam a2200181 7i4500
001 0000019194
005 20070427090000.0
090 0 0 |a M 338.7025   |b GLO 
245 0 0 |a Global Indianbiz :   |b trade directory 2006-2007. 
260 0 0 |a Shah Alam:   |b Apex infomedia,   |c 2006. 
300 # # |a 448 p. 
650 0 0 |a Business --   |x Directories --   |z Malaysia  
650 0 0 |a Indian --   |x Business --   |x Directories --   |z Malaysia  
651 0 0 |a Malaysia  
999 |a 0000019762  |b Directories  |c Malaysia  |e Business Information Centre 
999 |a 0000020203  |b Directories  |c Malaysia  |e Business Information Centre 
999 |a PNG000660H  |b Directories  |c Malaysia  |e MATRADE Northern Regional Office 
999 |a SRW000066H  |b Directories  |c Malaysia  |e MATRADE Sarawak